[Event "AUTO-OPEN-3100"]
[Site "http://www.queenalice.com/game.php?id=1224249"]
[Date "2013.10.13"]
[Round "1"]
[White "Carl_Flemming"]
[Black "Snoopy_GM"]
[Result "0-1"]
[WhiteElo "2014"]
[BlackElo "1875"]

1. e4 e5 2. Nf3 Nc6 3. Bc4 f5 4. d4 fxe4 5. Ng5 d5 6. Bb3 Nxd4 7. c4 Nxb3 8.
Qxb3 h6 9. Nh3 Bxh3 10. gxh3 dxc4 11. Qxc4 Nf6 12. Qb5+ c6 13. Qxe5+ Qe7 14. Qf5
Qb4+ 15. Nc3 Be7 16. Qg6+ Kf8 17. O-O h5 18. Bd2 Qxb2 19. Rfd1 Rd8 20. Be1 Rxd1
21. Rxd1 Rh6 22. Qg3 Kf7 23. Qc7 Qb6 24. Qf4 Rg6+ 25. Kh1 Kg8 26. Nxe4 Bc5 27.
Nxc5 Qxc5 28. Rd8+ Kh7 29. h4 Rg4 30. Qd2 Qe5 31. Rd3 Ne4 32. Qc2 Rxh4 33. f3
Rf4 34. Bg3 Nxg3+ 35. hxg3 Rf5 36. Rd2 Kh6 37. f4 Qe1+ 38. Kg2 g6 39. Rd6 Qa5
40. Qb2 Rf8 41. Qc1 Qxa2+ 42. Kh3 Qf7 43. f5+ Kg7 44. Qc3+ Kg8 45. Rxg6+ Kh7 46.
Rg5 Rg8 47. Qe3 Rxg5 48. Qxg5 Qg7 49. Qxh5+ Qh6 50. Qxh6+ Kxh6 51. Kh4 c5 52. g4
c4 53. g5+ Kg7 54. Kh5 c3 55. f6+ Kf7 56. Kh6 c2 57. g6+ Kxf6 0-1

[Event "AUTO-OPEN-3100"]
[Site "http://www.queenalice.com/game.php?id=1224250"]
[Date "2013.10.13"]
[Round "1"]
[White "Snoopy_GM"]
[Black "Carl_Flemming"]
[Result "0-1"]
[WhiteElo "1880"]
[BlackElo "1994"]

1. d4 c6 2. c4 d5 3. Nc3 Bg4 4. h3 Bh5 5. g4 Bg6 6. cxd5 cxd5 7. Bg2 e6 8. e3
Nc6 9. Nge2 Nf6 10. O-O Bd6 11. Nb5 O-O 12. a3 h6 13. b4 a6 14. Nxd6 Qxd6 15.
Nf4 Be4 16. f3 Bh7 17. Bb2 Rad8 18. Rc1 Rfe8 19. Qd2 e5 20. dxe5 Nxe5 21. Rc5
Nc4 22. Qd4 Nxb2 23. Qxb2 Rxe3 24. Nxd5 Nxd5 25. Rd1 Qb6 26. Kh2 Nf4 27. Rxd8+
Qxd8 28. Kg3 Qb8 29. Rc8+ Qxc8 30. Kxf4 Qe6 31. Kg3 g5 32. Qd4 Qe5+ 33. Qxe5
Rxe5 34. f4 Re3+ 35. Kh2 gxf4 0-1

[Event "Challenge"]
[Site "http://www.queenalice.com/game.php?id=1224259"]
[Date "2013.10.13"]
[Round "-"]
[White "Carl_Flemming"]
[Black "Ebbe"]
[Result "0-1"]
[WhiteElo "1973"]
[BlackElo "1844"]

1. e4 e5 2. Nf3 Nc6 3. Bc4 Bc5 4. d4 Bxd4 5. Nxd4 exd4 6. O-O Qf6 7. c3 Ne5 8.
Bb3 dxc3 9. Nxc3 c6 10. Qe2 d6 11. Bd2 Ne7 12. Rad1 Qg6 13. Bf4 O-O 14. Bg3 Kh8
15. Qd2 f5 16. Bc2 f4 17. Bxf4 Nf3+ 18. Kh1 Nxd2 19. Bxd2 Qh5 20. Be3 d5 21. Bc5
Re8 22. Rd2 dxe4 23. Nxe4 Ng6 24. Bb4 Be6 25. Rfd1 Bd5 26. Ng3 Qg5 27. Rd4 Nf4
28. Bd2 Rf8 29. f3 Qe5 30. Bc3 Qg5 31. Bd2 Rae8 32. Rg1 Qe5 33. Bc3 Ne2 34. Re4
Nxg3+ 35. hxg3 Qxg3 36. Rg4 Qc7 37. Rh4 h6 38. Rxh6+ Kg8 39. Bh7+ Kh8 40. Bg6+
Kg8 41. Bh7+ Kf7 0-1

[Event "Challenge"]
[Site "http://www.queenalice.com/game.php?id=1227779"]
[Date "2013.10.27"]
[Round "-"]
[White "Schichtl"]
[Black "Carl_Flemming"]
[Result "0-1"]
[WhiteElo "1616"]
[BlackElo "1999"]

1. e4 c6 2. d3 d5 3. f3 dxe4 4. fxe4 Nf6 5. Nd2 Bg4 6. Be2 Bxe2 7. Qxe2 e6 8.
Ngf3 Bc5 9. h3 O-O 10. e5 Nd5 11. Ne4 Bb4+ 12. c3 Ba5 13. Bd2 Nd7 14. b4 Bc7 15.
O-O Nxe5 16. Nxe5 Bxe5 17. d4 Bc7 18. Qd3 h6 19. Rf3 Qe7 20. a3 Rad8 21. Nc5 Bb6
22. Na4 Bc7 23. Raf1 Bd6 24. Qe2 Qc7 25. Kf2 e5 26. c4 Nf4 27. Qe4 f5 28. Qe3
exd4 29. Qxd4 Be5 30. Qxf4 Bxf4 31. Bxf4 Qf7 32. Rc1 Qf6 33. Rc2 g5 34. Be3 Rd3
35. Nc5 Rc3 36. Rd2 f4 37. Bd4 Rxf3+ 38. Kxf3 g4+ 39. hxg4 Qh4 40. Bf2 Qe7 41.
Rd7 Qg5 42. Ne6 Qf6 43. Nxf8 Kxf8 44. Rxb7 Qc3+ 45. Kxf4 Qxc4+ 46. Kg3 Qc3+ 47.
Kh4 Qxa3 48. Bxa7 Qa6 49. Bc5+ Ke8 50. Re7+ Kd8 51. Re6 Qf1 52. Kg3 Qd3+ 53. Re3
Qg6 54. Re5 Qd3+ 55. Kh4 Qc4 56. Rh5 Qf4 57. g3 Qc1 58. Bf8 Qh1# 0-1

[Event "AUTO-MASTER-1821"]
[Site "http://www.queenalice.com/game.php?id=1227854"]
[Date "2013.10.27"]
[Round "2"]
[White "Flashinho"]
[Black "Carl_Flemming"]
[Result "1-0"]
[WhiteElo "2252"]
[BlackElo "2020"]

1. d4 c6 2. e4 d5 3. Nd2 dxe4 4. Nxe4 Nf6 5. Nxf6+ gxf6 6. c3 Bf5 7. Ne2 e6 8.
Ng3 Bg6 9. h4 h6 10. h5 Bh7 11. Bd3 f5 12. Bf4 Bg7 13. Qd2 Nd7 14. Bxh6 Qf6 15.
Bg5 Bh6 16. Bxh6 Rg8 17. O-O-O O-O-O 18. Bf4 e5 19. dxe5 Nxe5 20. Qe3 Nxd3+ 21.
Rxd3 Rxd3 22. Qxd3 Rd8 23. Qe3 Qg7 24. Qxa7 Qg4 25. Qb8+ Kd7 26. Qd6+ Ke8 27.
Re1+ 1-0

[Event "AUTO-MASTER-1821"]
[Site "http://www.queenalice.com/game.php?id=1227855"]
[Date "2013.10.27"]
[Round "2"]
[White "Carl_Flemming"]
[Black "Flashinho"]
[Result "0-1"]
[WhiteElo "2009"]
[BlackElo "2257"]

1. e4 e5 2. Nf3 Nc6 3. Bc4 Nf6 4. d4 exd4 5. O-O Nxe4 6. Re1 d5 7. Bxd5 Qxd5 8.
Nc3 Qa5 9. Rxe4+ Be6 10. Nxd4 O-O-O 11. Be3 Nxd4 12. Rxd4 Bb4 13. Qe2 Bxc3 14.
bxc3 Qxc3 15. Rad1 Rhe8 16. h3 f6 17. R4d3 Rxd3 18. Rxd3 Qa1+ 19. Kh2 Qxa2 20.
Rc3 Qa5 21. Rc5 Qb4 22. Qh5 Rh8 23. Qf3 Rd8 24. Qe2 b6 25. Rc6 Bd5 26. Bd2 Qe4
27. Qxe4 Bxe4 28. Rc4 Rxd2 29. Rxe4 Rxf2 0-1

[Event "AUTO-MASTER-1821"]
[Site "http://www.queenalice.com/game.php?id=1227858"]
[Date "2013.10.27"]
[Round "2"]
[White "Try_Me"]
[Black "Carl_Flemming"]
[Result "1-0"]
[WhiteElo "2267"]
[BlackElo "1999"]

1. d4 c6 2. c4 d5 3. Nf3 Bg4 4. Ne5 Bh5 5. cxd5 Qxd5 6. Nc3 Qa5 7. Qb3 Qc7 8.
Bf4 Qc8 9. g4 Bg6 10. h4 Nf6 11. h5 Nxg4 12. Nxg6 fxg6 13. hxg6 Qf5 14. Qxb7
Qxf4 15. Qc8# 1-0

[Event "AUTO-MASTER-1821"]
[Site "http://www.queenalice.com/game.php?id=1227859"]
[Date "2013.10.27"]
[Round "2"]
[White "Carl_Flemming"]
[Black "Try_Me"]
[Result "1-0"]
[WhiteElo "2001"]
[BlackElo "2195"]

1. e4 c5 2. Nf3 Nc6 3. c3 Nf6 4. d3 e6 5. Bg5 Be7 6. Be2 d6 7. O-O O-O 8. Nbd2
Bd7 9. Qc2 Rc8 10. Rfd1 Ng4 11. Bxe7 Qxe7 12. h3 Nge5 13. Qb3 b5 14. Nxe5 Nxe5
15. Nf3 Nxf3+ 16. Bxf3 a5 17. d4 a4 18. Qc2 cxd4 19. Rxd4 e5 20. Rd3 f5 21. Qe2
f4 22. Rad1 Rf6 23. Bg4 Bxg4 24. Qxg4 Rb8 25. Qe2 Qc7 26. Rd5 Qc6 27. Qd3 Rb6
28. Qe2 h6 29. Rc1 b4 30. Qd2 bxc3 31. Rxc3 Qb7 32. Rc2 Qa6 33. Qd1 g6 34. Qc1
h5 35. Rc8+ Kg7 36. Qc7+ Rf7 37. Qd8 Kh6 38. Qh8+ Rh7 39. Qf8+ Kg5 40. h4+ Kxh4
41. Qf6+ 1-0

[Event "AUTO-MASTER-1821"]
[Site "http://www.queenalice.com/game.php?id=1227860"]
[Date "2013.10.27"]
[Round "2"]
[White "Lindomar"]
[Black "Carl_Flemming"]
[Result "1/2-1/2"]
[WhiteElo "2206"]
[BlackElo "1990"]

1. d4 c6 2. e4 d5 3. Nc3 dxe4 4. Nxe4 Nf6 5. Ng3 Bg4 6. f3 Bd7 7. Bd3 e6 8. N1e2
c5 9. Be3 cxd4 10. Bxd4 Nc6 11. Bf2 Bb4+ 12. c3 Ba5 13. O-O O-O 14. Qc2 Bb6 15.
Rad1 Bxf2+ 16. Rxf2 Qb6 17. Bxh7+ Nxh7 18. Rxd7 Ne5 19. Rd1 Nc4 20. Rb1 Rad8 21.
Nd4 Nf6 22. Qe2 Rc8 23. Kh1 Nd5 24. f4 Nxc3 25. bxc3 Qxb1+ 26. Rf1 Qb2 27. Qd3
Rfd8 28. Ne4 Nd6 29. Ng5 Nf5 30. Qh3 Nh6 31. Qd3 Nf5 32. Qh3 Nh6 33. Qd3 Nf5
1/2-1/2

[Event "AUTO-MASTER-1821"]
[Site "http://www.queenalice.com/game.php?id=1227861"]
[Date "2013.10.27"]
[Round "2"]
[White "Carl_Flemming"]
[Black "Lindomar"]
[Result "0-1"]
[WhiteElo "1999"]
[BlackElo "2254"]

1. e4 c5 2. Nf3 d6 3. d4 cxd4 4. Nxd4 Nf6 5. Bd3 a6 6. Bg5 e6 7. O-O Be7 8. Nc3
O-O 9. Qf3 Nbd7 10. Rad1 Ne5 11. Qe3 b5 12. a3 Bb7 13. h3 Rc8 14. Nf3 Nc4 15.
Bxc4 Rxc4 16. Rfe1 Nxe4 17. Bxe7 Qxe7 18. Rd3 Nxc3 19. Rxc3 Rfc8 20. Rxc4 Rxc4
21. c3 Qc7 22. Nd4 Qc5 23. Qe2 Qg5 24. g3 Qd5 25. f3 g6 26. Kf2 e5 27. Nc2 Qe6
28. Kg2 f5 29. Qf2 g5 30. Ne3 Rc7 31. Qd2 g4 32. hxg4 fxg4 33. Kf2 Bxf3 34. Ng2
Rf7 35. Kg1 h6 36. Nh4 e4 37. Qd4 Re7 38. a4 e3 39. Qd3 Qe5 40. Kh2 Re6 41. axb5
Qxb5 42. Qc2 e2 43. Ng2 Bxg2 44. Kxg2 Qd5+ 45. Kg1 Qf3 46. Qd2 Qxg3+ 47. Kh1
Qf3+ 48. Kg1 g3 49. Rxe2 Qxe2 0-1

[Event "Aberto Goiano"]
[Site "http://www.queenalice.com/game.php?id=1234223"]
[Date "2013.11.21"]
[Round "2"]
[White "ACamargo"]
[Black "Carl_Flemming"]
[Result "1-0"]
[WhiteElo "1983"]
[BlackElo "2025"]

1. d4 c6 2. c4 d5 3. Nc3 Bf5 4. e3 a6 5. Nf3 e6 6. c5 Nd7 7. Be2 b6 8. b4 Ngf6
9. Bb2 Qb8 10. Ba3 Be7 11. h3 O-O 12. Bd3 Bxd3 13. Qxd3 e5 14. dxe5 Nxe5 15.
Nxe5 Qxe5 16. O-O b5 17. Bb2 Qh5 18. Ne2 Ne4 19. Nf4 Qh4 20. g3 Qh6 21. Kg2 Rae8
22. f3 Ng5 23. h4 Ne6 24. Nh3 f5 25. Rae1 Bf6 26. Bc1 Qg6 27. Kh2 Bd8 28. Rf2
Bc7 29. Rg2 Qh5 30. f4 Rf7 31. Bb2 Rfe7 32. Ree2 Nd8 33. Bd4 Ne6 34. Bb2 a5 35.
a3 Rd8 36. Bd4 Rde8 37. bxa5 Bxa5 38. a4 b4 39. Rb2 Nxd4 40. exd4 Qg6 41. Qa6
Bc7 42. Rxb4 Re2 43. Rxe2 Rxe2+ 44. Qxe2 h6 45. Rb7 Ba5 46. Ra7 Bc3 47. Qd3 Be1
48. a5 Qe8 49. a6 1-0

[Event "Challenge"]
[Site "http://www.queenalice.com/game.php?id=1244209"]
[Date "2013.12.31"]
[Round "-"]
[White "Schichtl"]
[Black "Carl_Flemming"]
[Result "1/2-1/2"]
[WhiteElo "1664"]
[BlackElo "2013"]

1. e4 c6 2. c3 d5 3. Bd3 Nf6 4. f3 dxe4 5. Bc2 exf3 6. Nxf3 Bg4 7. h3 Bh5 8. g4
Bg6 9. Bb3 e6 10. Ne5 Be4 11. Rf1 Nbd7 12. d4 Bd6 13. Nc4 Bg3+ 14. Ke2 Qc7 15.
Be3 O-O 16. Nbd2 Bg2 17. Rg1 Bxh3 18. Nf3 Bxg4 19. Ne5 Nxe5 20. dxe5 Qxe5 21.
Kd2 Rad8+ 22. Bd4 Bf4+ 23. Kd3 Qe3+ 24. Kc4 Bxf3 25. Bxe3 Rxd1 26. Bxd1 Bd5+ 27.
Kd4 c5+ 28. Kd3 c4+ 29. Ke2 e5 30. Bxa7 Rd8 31. Kf2 Ne4+ 32. Kf1 Be6 33. Bf3
Bh3+ 34. Bg2 Ng3+ 35. Ke1 Bg4 36. Bxb7 Rb8 37. Bd5 Rxb2 38. Bxc4 Bd2+ 39. Kf2
Ne4+ 40. Kg2 Be3+ 41. Kf1 Bh3+ 42. Ke1 Bxa7 43. Rh1 Bf2+ 44. Kd1 Bg4+ 45. Kc1
Rd2 46. Rb1 h5 47. Rb5 Be3 48. Kb1 Nxc3+ 49. Ka1 Rxa2+ 50. Bxa2 Bd4 51. Rb8+ Kh7
52. Bb3 f5 53. Kb2 f4 54. Bc2+ Kh6 55. Rd8 Nb5+ 56. Kb3 Bb6 57. Rh8+ Kg5 58. Bd3
Nd4+ 59. Kc4 f3 60. Re8 Kf4 61. Bf1 e4 62. Kd5 e3 63. Re4+ Kg3 64. Rxe3 Be6+ 65.
Rxe6 Nxe6 66. Kxe6 Kg4 67. Bd3 h4 68. Be4 g5 69. Rf1 f2 70. Ke5 h3 71. Kf6 Bd8+
72. Kg6 Kg3 73. Kh5 g4 74. Bd5 h2 75. Be4 Kf4 76. Bc6 g3 77. Bg2 1/2-1/2

[Event "Challenge"]
[Site "http://www.queenalice.com/game.php?id=1244226"]
[Date "2013.12.31"]
[Round "-"]
[White "picapal"]
[Black "Carl_Flemming"]
[Result "0-1"]
[WhiteElo "1920"]
[BlackElo "2007"]

1. e4 c6 2. Nf3 d5 3. exd5 Qxd5 4. c4 Qa5 5. Qb3 Nf6 6. h3 g6 7. Nc3 Bg7 8. Qa4
Qc7 9. d4 O-O 10. Be3 a6 11. Qb3 e6 12. O-O-O b5 13. d5 exd5 14. cxd5 cxd5 15.
Kb1 Be6 16. Ng5 Nc6 17. Ne2 Na5 18. Qd3 Bf5 19. Qxf5 gxf5 20. Nd4 f4 21. Bd2 Ne4
22. Nge6 fxe6 23. Nxe6 Qe5 24. Nxf8 Qxb2# 0-1

[Event "AUTO-MASTER-2014"]
[Site "http://www.queenalice.com/game.php?id=1247475"]
[Date "2014.1.12"]
[Round "1"]
[White "Bruscato"]
[Black "Carl_Flemming"]
[Result "1-0"]
[WhiteElo "2071"]
[BlackElo "1986"]

1. e4 c6 2. d4 d5 3. e5 Bf5 4. g4 Be4 5. f3 Bg6 6. h4 h5 7. e6 fxe6 8. Bd3 Bxd3
9. Qxd3 Qd6 10. Ne2 Nh6 11. Bf4 Qb4+ 12. Nbc3 Na6 13. g5 Nf5 14. O-O-O g6 15. a3
Qb6 16. Be5 Rg8 17. Nf4 Kf7 18. Nce2 Bg7 19. c4 Bxe5 20. dxe5 Rad8 21. Kb1 Nc5
22. Qc2 Ne3 23. Qc1 Nxd1 24. Rxd1 Nd7 25. Nd4 Nc5 26. b4 a5 27. Qc3 Ra8 28. cxd5
cxd5 29. Qxc5 Qxc5 30. bxc5 Ra6 31. Rd3 a4 32. Rd2 Ra5 33. Rc2 Ra6 34. Kc1 Rc8
35. Nd3 Rf8 36. f4 Ke8 37. Kd2 Kd7 38. Rb2 Kc7 39. Ke3 Rb8 40. Nb4 Ra5 41. Rc2
Raa8 42. Nxe6+ Kd7 43. Nd4 e6 44. c6+ bxc6 45. Rxc6 Rxb4 46. Rd6+ Kc7 47. Nxe6+
Kb7 48. Nc5+ Kc7 49. axb4 a3 50. Nb3 1-0

[Event "AUTO-MASTER-2014"]
[Site "http://www.queenalice.com/game.php?id=1247476"]
[Date "2014.1.12"]
[Round "1"]
[White "Carl_Flemming"]
[Black "Bruscato"]
[Result "1-0"]
[WhiteElo "1984"]
[BlackElo "2012"]

1. e4 c5 2. c3 Nf6 3. e5 Nd5 4. d4 cxd4 5. cxd4 d6 6. Nc3 Nxc3 7. bxc3 dxe5 8.
Bb5+ Nd7 9. dxe5 a6 10. Ba4 b5 11. Bb3 e6 12. Nf3 Qc7 13. Bb2 Nc5 14. Bc2 Bb7
15. O-O Rd8 16. Qe2 Be7 17. Rac1 h5 18. Nd4 Rh6 19. Rcd1 h4 20. h3 Kf8 21. Bc1
Rh8 22. f4 g6 23. Qg4 Bd5 24. f5 gxf5 25. Bxf5 Ne4 26. Bxe6 Qxe5 27. Rxf7+ Ke8
28. Qg6 Bxe6 29. Rf5+ 1-0

[Event "AUTO-MASTER-2014"]
[Site "http://www.queenalice.com/game.php?id=1247487"]
[Date "2014.1.12"]
[Round "1"]
[White "Alexandrovinsk"]
[Black "Carl_Flemming"]
[Result "1-0"]
[WhiteElo "2126"]
[BlackElo "2024"]

1. c4 g6 2. Nc3 Bg7 3. b3 d6 4. Nf3 Bg4 5. e3 Nf6 6. d4 Nbd7 7. Be2 c5 8. O-O
O-O 9. Bb2 a6 10. h3 Bxf3 11. Bxf3 Rb8 12. Qc2 b5 13. cxb5 axb5 14. a4 bxa4 15.
bxa4 cxd4 16. exd4 e6 17. a5 d5 18. Rfb1 Qc7 19. Qd3 Ne8 20. Nb5 Qc6 21. Ba3
Nef6 22. Bxf8 Bxf8 23. a6 Ra8 24. a7 Nb6 25. Ra6 Ne8 26. Nc3 Rxa7 27. Rxa7 Nc4
28. Be2 Ned6 29. Qd1 Bh6 30. Bxc4 Nxc4 31. Rb8+ Kg7 32. Rbb7 Nd6 33. Rc7 Qb6 34.
Na4 Qb4 35. Nc5 Bd2 36. Nxe6+ Kf6 37. Qf3+ Kxe6 38. Re7# 1-0

[Event "AUTO-MASTER-2014"]
[Site "http://www.queenalice.com/game.php?id=1247488"]
[Date "2014.1.12"]
[Round "1"]
[White "Carl_Flemming"]
[Black "Alexandrovinsk"]
[Result "1-0"]
[WhiteElo "2003"]
[BlackElo "2134"]

1. e4 c5 2. Nf3 d6 3. d4 cxd4 4. Nxd4 Nf6 5. Nc3 g6 6. Bg5 Bg7 7. Bc4 Nc6 8. Nb3
O-O 9. O-O a6 10. a4 b6 11. h3 Bd7 12. Re1 h6 13. Bh4 Qc8 14. Nd5 Nxd5 15. exd5
Ne5 16. Bf1 g5 17. Bg3 Ng6 18. c3 f5 19. Bd3 Ne5 20. Nd4 Nxd3 21. Qxd3 Bxd4 22.
Qxd4 f4 23. Bh2 Qd8 24. b3 Re8 25. Qd3 Kg7 26. h4 e5 27. dxe6 Rxe6 28. Qf3 Rc8
29. Qb7 Rxe1+ 30. Rxe1 Rxc3 31. hxg5 hxg5 32. g3 f3 33. g4 Kh6 34. Qe4 Qf6 35.
Rd1 Bc6 36. Qb4 Rd3 37. Re1 b5 38. Qa5 bxa4 39. Qxa6 Bd7 40. Qxd3 a3 41. Bxd6 a2
42. Be5 Qxe5 43. Qa6+ 1-0

[Event "AUTO-MASTER-2014"]
[Site "http://www.queenalice.com/game.php?id=1247493"]
[Date "2014.1.12"]
[Round "1"]
[White "bmax1968"]
[Black "Carl_Flemming"]
[Result "1-0"]
[WhiteElo "2172"]
[BlackElo "2019"]

1. d4 c6 2. Bf4 d5 3. e3 Bf5 4. Nd2 e6 5. Ngf3 a6 6. c4 Nf6 7. c5 Nbd7 8. Qb3
Qc8 9. Be2 Be7 10. Nh4 Ne4 11. Nxf5 exf5 12. Nf3 O-O 13. O-O h6 14. Ne5 Nxe5 15.
Bxe5 Nd2 16. Qc2 Nxf1 17. Bxf1 f6 18. Bf4 Kh7 19. Bd3 g6 20. g4 Rg8 21. gxf5 g5
22. Bg3 h5 23. f4 h4 24. Bf2 gxf4+ 25. Kf1 Qc7 26. Qe2 f3 27. Qxf3 Qxh2 28. e4
Rg7 29. exd5 cxd5 30. Re1 h3 31. Qxd5 Qf4 32. Re4 Qc1+ 33. Be1 Rg3 34. Qf7+ Rg7
35. Rh4+ Qh6 36. Rxh6+ Kxh6 37. Bd2+ 1-0

[Event "AUTO-MASTER-2014"]
[Site "http://www.queenalice.com/game.php?id=1247494"]
[Date "2014.1.12"]
[Round "1"]
[White "Carl_Flemming"]
[Black "bmax1968"]
[Result "0-1"]
[WhiteElo "1993"]
[BlackElo "2160"]

1. e4 d5 2. exd5 Nf6 3. c4 c6 4. dxc6 Nxc6 5. Nf3 e5 6. Nc3 e4 7. Ng5 Bf5 8. g3
Bc5 9. Bg2 Qe7 10. O-O O-O-O 11. Ngxe4 Bxe4 12. Nxe4 Nxe4 13. Qg4+ Kb8 14. Bxe4
h5 15. Qf3 Rd6 16. d3 Nd4 17. Qd1 f5 18. Bd5 h4 19. Bf4 Ne2+ 20. Kh1 hxg3 21.
fxg3 Nxf4 22. Rxf4 Rdh6 23. d4 Rxh2+ 24. Kg1 Qe3+ 25. Kf1 Qxg3 26. Qf3 Rh1+ 27.
Ke2 Re8+ 28. Kd3 Qxf3+ 29. Rxf3 Rxa1 30. dxc5 Rxa2 31. Rxf5 Rxb2 32. c6 bxc6 33.
Bxc6 Re7 34. Kc3 Rb6 35. Bd5 Kc7 36. c5 Rf6 37. Rh5 a5 38. Rh2 Rf5 39. Kc4 Ree5
40. Rd2 g5 41. c6 Rxd5 0-1

[Event "Challenge"]
[Site "http://www.queenalice.com/game.php?id=1252079"]
[Date "2014.1.28"]
[Round "-"]
[White "szybkielanie"]
[Black "Carl_Flemming"]
[Result "0-1"]
[WhiteElo "2051"]
[BlackElo "2001"]

1. e4 c6 2. f4 d5 3. e5 Bf5 4. Nf3 e6 5. d3 Qb6 6. c3 Ne7 7. Be2 Bg6 8. Na3 Nf5
9. Nc2 c5 10. O-O Nc6 11. Rb1 Be7 12. g4 Nh6 13. h3 f6 14. exf6 gxf6 15. f5 Nxf5
16. gxf5 Bxf5 17. Nh4 Bxh3 18. Bh5+ Kd7 19. Rf3 Rhg8+ 20. Kh2 Bg4 21. Bxg4 Rxg4
22. Ng2 Rag8 23. Nce1 Bd6+ 24. Bf4 Bxf4+ 25. Rxf4 Qc7 26. Qd2 Ne5 27. Qe3 Rxg2+
0-1

[Event "AUTO-MASTER-2034"]
[Site "http://www.queenalice.com/game.php?id=1256003"]
[Date "2014.2.13"]
[Round "1"]
[White "Carl_Flemming"]
[Black "CCapivara"]
[Result "0-1"]
[WhiteElo "2018"]
[BlackElo "2134"]

1. e4 d6 2. d4 Nf6 3. Bd3 e5 4. c3 Be7 5. h3 O-O 6. Nf3 Nbd7 7. O-O c6 8. a3 a5
9. b3 Re8 10. Nbd2 Qc7 11. Bb2 d5 12. Qc2 dxe4 13. Nxe4 exd4 14. Nxd4 h6 15.
Rad1 Nxe4 16. Bxe4 Nf6 17. Bf3 Bc5 18. c4 Bd7 19. Bc1 Rad8 20. Qb2 Bc8 21. Be3
Nd7 22. Nf5 Qe5 23. Qxe5 Rxe5 24. Bg4 Rde8 25. Nxh6+ gxh6 26. Bxd7 Bxd7 27. Bxc5
Rxc5 28. Rxd7 b5 29. cxb5 Rxb5 30. Rd3 Reb8 31. Rb1 c5 0-1

[Event "AUTO-MASTER-2034"]
[Site "http://www.queenalice.com/game.php?id=1256004"]
[Date "2014.2.13"]
[Round "1"]
[White "CCapivara"]
[Black "Carl_Flemming"]
[Result "1-0"]
[WhiteElo "2147"]
[BlackElo "2007"]

1. e4 c6 2. d4 d5 3. exd5 Qxd5 4. Nf3 Bg4 5. Be2 e6 6. O-O Be7 7. c4 Qa5 8. Nc3
Nf6 9. Bf4 Nbd7 10. a3 O-O 11. b4 Qb6 12. Re1 Nh5 13. Be3 Qc7 14. Rc1 Nhf6 15.
d5 exd5 16. cxd5 c5 17. Nb5 Qb6 18. d6 Bd8 19. bxc5 Qc6 20. h3 Bxf3 21. gxf3 Nd5
22. a4 Nxe3 23. fxe3 Nxc5 24. Bc4 b6 25. Bd5 Qc8 26. Bxa8 Qxa8 27. Nc7 Qc8 28.
a5 Bxc7 29. dxc7 Qxc7 30. axb6 axb6 31. Kg2 Rd8 32. Qe2 Qe5 33. Red1 Qg5+ 34.
Kf1 1-0

[Event "AUTO-MASTER-2034"]
[Site "http://www.queenalice.com/game.php?id=1256005"]
[Date "2014.2.13"]
[Round "1"]
[White "Carl_Flemming"]
[Black "Lucascg"]
[Result "0-1"]
[WhiteElo "1997"]
[BlackElo "2125"]

1. e4 d6 2. d4 Nf6 3. Bd3 Nc6 4. c3 e5 5. Nf3 Bd7 6. Be3 a6 7. O-O Be7 8. Nbd2
Ng4 9. Qb3 Rb8 10. h3 Nxe3 11. fxe3 O-O 12. Rae1 b5 13. Qc2 Bf6 14. c4 exd4 15.
exd4 Nxd4 16. Qc1 c6 17. e5 dxe5 18. Nxe5 Re8 19. Nxd7 Qxd7 20. Qb1 h6 21. Ne4
Be5 22. c5 Rbd8 23. b4 Ne6 24. Rd1 Qe7 0-1

[Event "AUTO-MASTER-2034"]
[Site "http://www.queenalice.com/game.php?id=1256006"]
[Date "2014.2.13"]
[Round "1"]
[White "Lucascg"]
[Black "Carl_Flemming"]
[Result "1/2-1/2"]
[WhiteElo "2166"]
[BlackElo "2012"]

1. e4 c6 2. d4 d5 3. Nc3 dxe4 4. Nxe4 Nf6 5. Nxf6+ gxf6 6. Bf4 Bf5 7. Qd2 e6 8.
O-O-O Nd7 9. Bc4 Nb6 10. Bd3 Bg6 11. c3 Nd5 12. Bg3 Qa5 13. Kb1 O-O-O 14. Bxg6
hxg6 15. Ne2 Bh6 16. Qc2 e5 17. dxe5 f5 18. h3 f4 19. Bh2 Rhe8 20. Qe4 f5 21.
Qc4 Rxe5 22. Rhe1 Rde8 23. Bg1 f3 24. gxf3 Nf4 25. Bh2 Nxe2 26. Bxe5 Qxe5 27.
Qd3 Qe6 28. Rxe2 1/2-1/2